| 000 | 00507nam a22001937a 4500 | ||
|---|---|---|---|
| 005 | 20260515114944.0 | ||
| 008 | 230614b ||||| |||| 00| 0 eng d | ||
| 020 | _a9788120320383 | ||
| 040 |
_aIN-DiNC _cIN-DiNC |
||
| 041 | _deng | ||
| 082 |
_a370.15 _bMAN |
||
| 100 |
_aMangal, S K _eauthor |
||
| 245 |
_aAdvanced educational psychology/ _cby S K Mangal |
||
| 250 | _a2nd ed. | ||
| 260 |
_aDelhi: _bPHI learning, _c2018. |
||
| 300 | _axii, 520p. | ||
| 650 | _aEducational psychology | ||
| 942 |
_2ddc _cBK |
||
| 999 |
_c11543 _d11543 |
||